THE COMFORT BOOK MATT HAIG (Record no. 6781)
[ view plain ]
| 000 -LEADER | |
|---|---|
| fixed length control field | 00608nam a22001457a 4500 |
| 020 ## - INTERNATIONAL STANDARD BOOK NUMBER | |
| ISBN | 978-1-83885-965-7 |
| 082 ## - DEWEY DECIMAL CLASSIFICATION NUMBER | |
| Classification number | 823 |
| Item number | HAI/C |
| 100 ## - MAIN ENTRY--AUTHOR NAME | |
| Personal name | HAIG, MATT |
| 245 ## - TITLE STATEMENT | |
| Title | THE COMFORT BOOK MATT HAIG |
| 260 ## - PUBLICATION, DISTRIBUTION, ETC. (IMPRINT) | |
| Place of publication | BRITIAN |
| Name of publisher | CANONGATE BOOKS |
| Year of publication | 2021 |
| 300 ## - PHYSICAL DESCRIPTION | |
| Number of Pages | 260 |
| 520 ## - SUMMARY, ETC. | |
| Summary, etc | 1-Sentence-Summary: The Comfort Book explores how depression feels like and its effects on our mind and body, and how we can overcome it by taking small, but significant steps in that direction, starting with finding hope, being more present at the moment, and acknowledging that we're enough. |
| 650 ## - SUBJECT ADDED ENTRY--TOPICAL TERM | |
| Topical Term | SHORT STORY |
| 942 ## - ADDED ENTRY ELEMENTS (KOHA) | |
| Koha item type | Books |
| Withdrawn status | Lost status | Collection code | Home library | Current library | Shelving location | Date acquired | Source of acquisition | Full call number | Accession Number | Koha item type |
|---|---|---|---|---|---|---|---|---|---|---|
| G.K | Main Library | Main Library | NEW SHELF WITH NEW ENTRY | 27/09/2023 | Purchase | 823 HAI/C | 12930 | Books |